Philosophy of science

Αποθηκεύτηκε σε:
Λεπτομέρειες βιβλιογραφικής εγγραφής
Κύριος συγγραφέας: Bunge, Mario Augusto
Μορφή: Βιβλίο
Γλώσσα:English
Δημοσίευση: New Brunswick, N.J. : Transaction Publishers, c1998
Έκδοση:Rev. ed.
Σειρά:Science and technology studies
Θέματα:
Ετικέτες: Προσθήκη ετικέτας
Δεν υπάρχουν, Καταχωρήστε ετικέτα πρώτοι!

MARC

LEADER 00000nam a2200000 i 4500
001 1/67636
008 041208s19982005 eng d
020 |a 0-7658-0413-1 
020 |a 0-7658-0414-X 
035 |l 10075625 
040 |a GR-MY-UA  |b gre  |e aacr 
041 0 |a eng 
082 0 |a 001.42  |2 (22) 
100 1 |a Bunge, Mario Augusto. 
245 1 0 |a Philosophy of science /  |c Mario Bunge 
250 |a Rev. ed. 
260 |a New Brunswick, N.J. :   |b Transaction Publishers,   |c c1998 
300 |a 2 τ.;  |b εικ.;  |c 23 εκ. 
490 1 |a Science and technology studies 
500 |a Ο τ.1 είναι 3η εκτύπωση το 2005 και ο τ.2 2η εκτύπωση το 2002. 
504 |a Περιέχει βιβλιογραφικές αναφορές και ευρετήρια 
505 0 |a τ. 1. From problem to theory -- τ. 2. From explanation to justification 
650 0 0 |a Research  |x Methodology. 
650 0 0 |a Science  |x Philosophy. 
740 0 2 |a From problem to theory 
740 0 2 |a From explanation to justification 
830 0 |a Science and technology studies 
852 |a INST  |b SAMOS  |e 20041208  |h 001.42 BUN  |p 005300022520  |q 005300022520  |t BK  |y 0  |z τ.2 
852 |a INST  |b SAMOS  |e 20041208  |h 001.42 BUN  |p 005300022522  |q 005300022522  |t BK  |y 0  |z τ.2 
852 |a INST  |b SAMOS  |e 20041208  |h 001.42 BUN  |p 005300022739  |q 005300022739  |t BK  |y 0  |z τ.2 
852 |a INST  |b SAMOS  |e 20070830  |h 001.42 BUN  |p 005300028382  |q 005300028382  |t BK  |y 0  |z τ.1 
852 |a INST  |b SAMOS  |e 20041208  |h 001.42 BUN  |p 005300022520  |q 005300022520  |t BK  |v τ.2:  |y 0  |z τ.2 
852 |a INST  |b SAMOS  |e 20041208  |h 001.42 BUN  |p 005300022522  |q 005300022522  |t BK  |v τ.2:  |y 0  |z τ.2 
852 |a INST  |b SAMOS  |e 20041208  |h 001.42 BUN  |p 005300022739  |q 005300022739  |t BK  |v τ.2:  |y 0  |z τ.2 
852 |a INST  |b SAMOS  |e 20070830  |h 001.42 BUN  |p 005300028382  |q 005300028382  |t BK  |v τ.1:  |y 0  |z τ.1 
853 |a INST  |b SAMOS  |h 001.42 BUN 
901 |a BIBL3-2007-2 
901 |a BIBL3-2004-3 
909 |a Σ  |b 137317 
909 |a Σ  |b 114085 
909 |a Σ  |b 114172 
909 |a Σ  |b 114170 
920 |a ΔΙΕΥΡΥΝΣΗ  |b ΕΠΕΑΕΚ-ΤΜΠΕΣ  |y ΣΑΜΟΣ  |z 2004-10 
922 |a 3ΕΛΗ  |b 200707  |c ΕΠΕΑΕΚ2/ΤΜΠΕΣ  |d ΕΛΕΥΘΕΡΟΥΔΑΚΗΣ 
970 |a ΚΟΣΙΕΡΗΣ  |b ΧΡΗΣΤΟΣ  |z 2007/08/30